Handbook of assessment in childhood psychopathology : applied issues in differential diagnosis and treatment evaluation /

Bibliographic Details
Other Authors: Frame, Cynthia L., Matson, Johnny L.
Format: Book
Language:English
Published: New York : Plenum Press, [1987]
Series:Applied clinical psychology.
Subjects:

MARC

Tag First Indicator Second Indicator Subfields
LEADER 00000cam a2200000 a 4500
001 in00000036257
005 20151007055425.0
008 870622s1987 nyua b 00100 eng d
010 |a  87018565  
020 |a 0306424363 
035 |a (OCoLC)16472324 
035 |9 AAB8201AM 
040 |a DNLM/DLC  |c DLC  |d TXA  |d UtOrBLW 
049 |a TXAM  |c [A11088628] 
050 0 0 |a RJ503.5  |b .H36 1987 
060 0 |a WS 350 H2357 
082 0 |a 618.92/89075  |2 19 
245 0 0 |a Handbook of assessment in childhood psychopathology :  |b applied issues in differential diagnosis and treatment evaluation /  |c edited by Cynthia L. Frame and Johnny L. Matson. 
264 1 |a New York :  |b Plenum Press,  |c [1987] 
264 4 |c ©1987 
300 |a xviii, 685 pages :  |b illustrations ;  |c 26 cm. 
336 |a text  |b txt  |2 rdacontent 
337 |a unmediated  |b n  |2 rdamedia 
338 |a volume  |b nc  |2 rdacarrier 
490 1 |a Applied clinical psychology 
504 |a Includes bibliographies and indexes. 
650 0 |a Mental illness  |x Diagnosis. 
650 0 |a Diagnosis, Differential. 
650 0 |a Child psychiatry. 
700 1 |a Frame, Cynthia L. 
700 1 |a Matson, Johnny L. 
830 0 |a Applied clinical psychology. 
999 |a MARS 
999 f f |s d7b48e73-3fd2-325d-a634-4dd284bc5dee  |i 9a3ddd72-fd43-3339-b5f5-8967b7e09e9a  |t 0 
952 f f |p ric  |a Texas A&M University  |b Rellis Campus  |c Joint Library Facility  |d Remote Storage  |t 0  |e RJ503.5 .H36 1987  |h Library of Congress classification  |i unmediated -- volume  |m A14811088628 
998 f f |a RJ503.5 .H36 1987  |t 0  |l Remote Storage